[Event "3-Ð¹ Ñ�Ñ‚Ð°Ð¿ Ñ€Ð°Ð¿Ð¸Ð´ Ð“Ñ€Ð°Ð½-ÐŸÑ€Ð¸ ><ÐµÐ»Ñ�Ð±Ð¸Ð½Ñ�ÐºÐ°"]
[Site "?"]
[Date "2016.10.09"]
[Round "9.4"]
[White "Anchutin, Nikita"]
[Black "Nikolenko, Vadim"]
[Result "1/2-1/2"]
[WhiteElo "2019"]
[BlackElo "2149"]
[PlyCount "129"]
[EventDate "2016.??.??"]
[WhiteClock "0:00:22"]
[BlackClock "0:01:03"]

1. d4 Nf6 2. Nf3 g6 3. g3 Bg7 4. Bg2 O-O 5. O-O d5 6. c4 c5 7. cxd5 cxd4 8.
Nxd4 Nxd5 9. Nb3 Nb4 10. Nc3 Bf5 11. e4 Qxd1 12. Rxd1 Bg4 13. f3 Bd7 14. Bg5 f6
15. Be3 Nc2 16. Bc5 Nxa1 17. Rxa1 Re8 18. Nd5 Na6 19. Bxe7 Kf7 20. Bd6 Rac8 21.
Rd1 Ba4 22. Rd2 Bxb3 23. axb3 Rc1+ 24. Kf2 Rec8 25. Ne3 Rd8 26. Bf1 Kg8 27.
Bc4+ Kh8 28. Rd5 Rb1 29. Ba3 Rxd5 30. exd5 Nb8 31. d6 f5 32. Bb5 Bd4 33. d7 Bb6
34. Ke2 Bd8 35. Nd5 a6 36. Be7 axb5 37. Bxd8 Rxb2+ 38. Kd3 Rxb3+ 39. Kc2 Nxd7
40. Kxb3 Kg8 41. Nf6+ Nxf6 42. Bxf6 Kf7 43. Be5 Ke6 44. Bf4 Kd5 45. Kb4 Kd4 46.
Kxb5 Kd3 47. Bg5 Ke2 48. f4 Kf3 49. h4 Kxg3 50. Kb6 Kg4 51. Kxb7 Kh5 52. Kc6 h6
53. Bf6 Kg4 54. Be5 Kxh4 55. Bg7 g5 56. fxg5 hxg5 57. Kd5 Kg3 58. Bh6 Kg4 59.
Kd4 Kh5 60. Bf8 f4 61. Ke4 Kg4 62. Be7 f3 63. Ke3 Kg3 64. Bxg5 f2 65. Bh4+
1/2-1/2

[Event "3-Ð¹ Ñ�Ñ‚Ð°Ð¿ Ñ€Ð°Ð¿Ð¸Ð´ Ð“Ñ€Ð°Ð½-ÐŸÑ€Ð¸ ><ÐµÐ»Ñ�Ð±Ð¸Ð½Ñ�ÐºÐ°"]
[Site "?"]
[Date "2016.10.09"]
[Round "9.5"]
[White "Zasukhin, Vadim"]
[Black "Shurunov, Andrei"]
[Result "1-0"]
[WhiteElo "2227"]
[BlackElo "2263"]
[PlyCount "55"]
[EventDate "2016.??.??"]
[WhiteClock "0:03:31"]
[BlackClock "0:05:18"]

1. d4 Nf6 2. c4 e6 3. g3 Bb4+ 4. Bd2 Qe7 5. Bg2 Nc6 6. a3 Bxd2+ 7. Qxd2 d5 8.
Nf3 O-O 9. b3 Rd8 10. O-O Ne4 11. Qc2 Bd7 12. e3 Be8 13. Nfd2 Nxd2 14. Nxd2 f6
15. b4 Bf7 16. Rfc1 Rac8 17. cxd5 exd5 18. Nb3 Nb8 19. Bh3 Be6 20. Bxe6+ Qxe6
21. Nc5 Qb6 22. a4 Nc6 23. a5 Qb5 24. Qa4 Qxa4 25. Rxa4 b5 26. Raa1 Nxb4 27.
Rab1 Nc6 28. Nb7 1-0

[Event "3-Ð¹ Ñ�Ñ‚Ð°Ð¿ Ñ€Ð°Ð¿Ð¸Ð´ Ð“Ñ€Ð°Ð½-ÐŸÑ€Ð¸ ><ÐµÐ»Ñ�Ð±Ð¸Ð½Ñ�ÐºÐ°"]
[Site "?"]
[Date "2016.10.09"]
[Round "9.6"]
[White "Remizov, Yaroslav"]
[Black "Bashkov, Viacheslav"]
[Result "1/2-1/2"]
[WhiteElo "2160"]
[BlackElo "2210"]
[PlyCount "109"]
[EventDate "2016.??.??"]
[WhiteClock "0:00:53"]
[BlackClock "0:01:05"]

1. e4 e6 2. d4 d5 3. Nc3 Bb4 4. e5 c5 5. a3 Ba5 6. b4 cxd4 7. Nb5 Bc7 8. f4 Ne7
9. Nf3 a5 10. Nfxd4 O-O 11. bxa5 Bxa5+ 12. Bd2 Nbc6 13. Bxa5 Qxa5+ 14. Qd2 Qa4
15. Bd3 Nxd4 16. Nxd4 Nc6 17. Nf3 Qa7 18. h4 f6 19. h5 fxe5 20. fxe5 h6 21. Rh4
Nxe5 22. Ke2 Nxf3 23. gxf3 e5 24. Qe1 Bf5 25. Qg3 e4 26. fxe4 Rae8 27. Rg1 b5
28. Qe3 Qa6 29. a4 Bxe4 30. Rxe4 dxe4 31. Bxb5 Qc8 32. Qb3+ Kh8 33. Bxe8 Rxe8
34. Qb2 Qc7 35. Rg2 e3 36. Ke1 Re7 37. Qd4 Qa5+ 38. c3 Qxh5 39. Qg4 Qd5 40.
Qc8+ Kh7 41. Qg4 Qe5 42. Qd4 Qxd4 43. cxd4 Re4 44. Ra2 Rxd4 45. a5 Rd7 46. a6
Ra7 47. Ke2 g5 48. Kxe3 Kg6 49. Kf3 h5 50. Kg3 Kf5 51. Ra5+ Kg6 52. Ra2 Kf6 53.
Ra5 Kg6 54. Kh3 Kf6 55. Kg3 1/2-1/2